Stations of Athens Metro - Statistics

General Stats
  • This quiz has been taken 315 times
  • The average score is 25 of 64
Answer Stats
% Correct
Monastiraki
79%
Syntagma
79%
Omonia
72%
KAT
62%
Kifisia
58%
Airport
55%
Akropoli
55%
Piraeus
55%
Elliniko
52%
Attiki
49%
Victoria
48%
Marousi
47%
Peristeri
46%
Panepistimio
45%
Agios Dimitrios
44%
Anthoupoli
43%
Faliro
43%
Kato Patisia
43%
Tavros
43%
Ano Patisia
42%
Doukissis Plakentias
42%
Kallithea
41%
Chalandri
40%
Moschato
40%
Neos Kosmos
37%
Eirini
36%
Ilioupoli
36%
Metaxourgio
36%
Nea Ionia
36%
Petralona
36%
Sepolia
36%
Agia Paraskevi
35%
Agios Antonios
35%
Agios Eleftherios
35%
Dafni
35%
Egaleo
35%
Evangelismos
35%
Thiseio
35%
Agia Marina
34%
Argyroupoli
34%
Pefkakia
34%
Alimos
33%
Megaro Mousikis
33%
Nikaia
33%
Perissos
33%
Syngrou Fix
33%
Agios Nikolaos
32%
Cholargos
32%
Nomismatokopio
32%
Kerameikos
31%
Agios Ioannis
30%
Agia Varvara
29%
Ethniki Amyna
28%
Larissa Station
28%
Eleonas
27%
Katehaki
27%
Pallini
27%
Panormou
27%
Irakleio
25%
Koropi
24%
Ambelokipi
22%
Korydallos
22%
Nerantziotissa
21%
Paiania Kantza
21%
No matching quizzes found
Score Distribution
Percent of People with Each Score
Percentile by Number Answered
Your Score History
You have not taken this quiz